00633nam a2200193Ia 4500008004100000082001300041100001900054245001800073250000800091260002900099300001200128500002400140650001200164700003500176942000700211952010200218952010200320999001700422230524s9999 xx 000 0 und d a530bRES aRobert Resnick 0aPhysics Vol-I a5TH aNEWYORKbJohnwileyc2005 a566+1.8 aQuantity Number: 2 aPhysics a"David Halliday, K.S.Krane,,," cBK 00104070aTATCLbTATCLcGENd2023-05-24l0o530 RESp6070r2023-05-24w2023-05-24yBKzBSCP2201 00104070aTATCLbTATCLcGENd2023-05-24l0o530 RESp6071r2023-05-24w2023-05-24yBKzBSCP2201 c20203d20203